[Event "Titled Tue 1st Jul Late"]
[Site "chess.com INT"]
[Date "2025.07.01"]
[Round "3"]
[White "Dyachuk, Artem"]
[Black "Colville, Julian"]
[Result "1-0"]
[WhiteTitle "FM"]
[BlackTitle "FM"]
[WhiteElo "2374"]
[BlackElo "2268"]
[WhiteFideId "34107924"]
[BlackFideId "30963273"]
[EventDate "2025.07.01"]

1. e4 e5 2. Nf3 d5 3. Nxe5 Nf6 4. exd5 Qxd5 5. d4 Nc6 6. Nc3 Qxd4 7. Nxc6 Qxd1+
8. Nxd1 bxc6 9. Bc4 Bd6 10. Ne3 O-O 11. Bd2 Be5 12. O-O-O Rb8 13. Bb3 Ne4 14.
Be1 g6 15. f3 Nc5 16. Bg3 Bxg3 17. hxg3 Nxb3+ 18. axb3 Be6 19. Rh4 c5 20. g4 Rb4
21. Rdh1 h5 22. gxh5 Rxh4 23. Rxh4 Kg7 24. hxg6 fxg6 25. Ra4 Ra8 26. Ra5 Kf6 27.
Rxc5 Rc8 28. Ra5 Ra8 29. f4 a6 30. b4 c6 31. Kd2 Ke7 32. Kc3 Kd6 33. Rg5 Bf7 34.
Kd4 Rb8 35. c3 Re8 36. Ra5 Ra8 37. Nc4+ Kc7 38. Ne5 Bd5 39. g4 Kb6 40. c4 Be6
41. Rc5 Rc8 42. Ke3 Rc7 43. Kf3 Rc8 44. Nxg6 Rd8 45. Ne5 Rd6 46. f5 Bg8 47. g5
Rd2 48. Rxc6+ Kb7 49. Rg6 1-0

[Event "Titled Tue 1st Jul Late"]
[Site "chess.com INT"]
[Date "2025.07.01"]
[Round "3"]
[White "Dzida, Kamil"]
[Black "Atis, Hasan"]
[Result "1-0"]
[WhiteTitle "IM"]
[BlackTitle "CM"]
[WhiteElo "2411"]
[BlackElo "2089"]
[WhiteFideId "21828652"]
[BlackFideId "44598017"]
[EventDate "2025.07.01"]

1. b3 d5 2. Bb2 c5 3. e3 Nc6 4. Bb5 Nf6 5. Nf3 Qc7 6. Ne5 Bf5 7. O-O e6 8. f4 h5
9. d3 Nd7 10. Bxc6 bxc6 11. Nd2 Bd6 12. Nxd7 Kxd7 13. Qe2 f6 14. e4 Bg6 15. e5
fxe5 16. Bxe5 Bxe5 17. fxe5 Raf8 18. Qe3 Qd8 19. Qxc5 Qb6 20. b4 Qxc5+ 21. bxc5
Rb8 22. Rab1 Ke7 23. Nb3 Rhc8 24. Nd4 Kd7 25. Rb3 Rxb3 26. axb3 Rb8 27. Ra1 Rb7
28. Ra6 Rc7 29. b4 Bf7 30. Kf2 Be8 31. Ke3 Ke7 32. h4 Kf7 33. c3 Kg6 34. g3 1-0

[Event "Titled Tue 1st Jul Late"]
[Site "chess.com INT"]
[Date "2025.07.01"]
[Round "3"]
[White "Stojanovski, Sandi"]
[Black "Williams, Justus"]
[Result "0-1"]
[WhiteTitle "FM"]
[BlackTitle "IM"]
[WhiteElo "2169"]
[BlackElo "2355"]
[WhiteFideId "1403249"]
[BlackFideId "2049929"]
[EventDate "2025.07.01"]

1. d3 d5 2. Nf3 c5 3. g3 Nc6 4. Bg2 g6 5. O-O Bg7 6. c4 d4 7. a3 a5 8. e3 e5 9.
exd4 cxd4 10. Re1 Nge7 11. Nbd2 O-O 12. Rb1 a4 13. Qc2 h6 14. c5 Bf5 15. Ne4 Nc8
16. Bd2 Be6 17. Bb4 f5 18. Nd6 Nxd6 19. cxd6 Nxb4 20. axb4 Qxd6 21. Nxe5 Rac8
22. Qe2 Rfe8 23. Nxg6 Ba2 24. Qh5 Bf7 25. Qxf5 Qxg6 26. Qxg6 Bxg6 27. Bxb7 Rxe1+
28. Rxe1 Rb8 29. Bd5+ Kh7 30. Be4 Rxb4 31. Bxg6+ Kxg6 32. Re2 h5 33. f4 Rb3 34.
Rd2 Bf8 35. Kf2 Bb4 36. Rd1 Rxb2+ 37. Kf3 a3 38. Ra1 a2 0-1

[Event "Titled Tue 1st Jul Late"]
[Site "chess.com INT"]
[Date "2025.07.01"]
[Round "3"]
[White "Bacrot, Etienne"]
[Black "Gyurjinyan, Valter"]
[Result "1-0"]
[WhiteTitle "GM"]
[BlackTitle "CM"]
[WhiteElo "2633"]
[BlackElo "2208"]
[WhiteFideId "605506"]
[BlackFideId "13318179"]
[EventDate "2025.07.01"]

1. e4 c5 2. Nf3 Nc6 3. Bb5 g6 4. O-O Bg7 5. Re1 Nf6 6. e5 Nd5 7. Nc3 Nc7 8. Bxc6
dxc6 9. Ne4 b6 10. Nf6+ Kf8 11. Ne4 h6 12. d3 Be6 13. h3 Bd5 14. b3 Ne6 15. Bb2
Kg8 16. Qd2 Kh7 17. Qe3 Rf8 18. Rad1 Bxe4 19. Qxe4 Qd5 20. Qe3 Rad8 21. a4 a5
22. h4 b5 23. Qe4 Nd4 24. Qxd5 Rxd5 25. Bxd4 cxd4 26. Ra1 Ra8 27. Re4 Rc5 28.
Ra2 bxa4 29. bxa4 Rb8 30. g3 Rb1+ 31. Kg2 Rc1 32. Nxd4 Rd5 33. Nxc6 e6 34. d4 g5
35. hxg5 hxg5 36. Kf3 Kg6 37. Ne7+ Kh5 38. Nxd5 exd5 39. Re2 Bh6 40. Kg2 g4 41.
Ra3 Rd1 42. c3 Rd3 43. Rc2 Rd1 44. Rb3 Ra1 45. Rb5 Rxa4 46. Rxd5 Bg5 47. c4 Rb4
48. Rxa5 f5 49. exf6 Rb6 50. f7 Rf6 51. Rxg5+ Kxg5 52. c5 Rxf7 53. c6 Rc7 54. d5
Kh5 55. d6 Rh7 56. c7 Rh8 57. d7 1-0

[Event "Titled Tue 1st Jul Late"]
[Site "chess.com INT"]
[Date "2025.07.01"]
[Round "3"]
[White "Abraham, John Z"]
[Black "Lissang, Christopher"]
[Result "1-0"]
[BlackTitle "FM"]
[WhiteElo "2108"]
[BlackElo "2317"]
[WhiteFideId "30987318"]
[BlackFideId "1709615"]
[EventDate "2025.07.01"]

1. d4 Nf6 2. c4 e6 3. g3 Bb4+ 4. Bd2 c5 5. Bxb4 cxb4 6. Bg2 Nc6 7. e4 e5 8. d5
Nb8 9. Ne2 O-O 10. O-O d6 11. a3 bxa3 12. Rxa3 Na6 13. Nd2 Nb4 14. Qb3 a5 15. f4
Nd7 16. fxe5 Nxe5 17. Nf3 Bg4 18. Nxe5 Bxe2 19. Rf2 Bh5 20. g4 dxe5 21. gxh5 Qg5
22. Qh3 Qc1+ 23. Rf1 Qxb2 24. Rg3 Ra6 25. Qg4 g6 26. hxg6 Rxg6 27. Qf3 Qd4+ 28.
Kh1 a4 29. Rxg6+ hxg6 30. Qf6 a3 31. Rf3 Qd1+ 32. Bf1 1-0

[Event "Titled Tue 1st Jul Late"]
[Site "chess.com INT"]
[Date "2025.07.01"]
[Round "3"]
[White "Slovineanu, Viacheslav"]
[Black "Hernandez Bermudez, Ulises Eduardo"]
[Result "0-1"]
[WhiteTitle "IM"]
[WhiteElo "2412"]
[BlackElo "2042"]
[WhiteFideId "13900510"]
[BlackFideId "3902510"]
[EventDate "2025.07.01"]

1. d4 Nf6 2. Nf3 g6 3. Nbd2 Bg7 4. e4 d6 5. Bb5+ c6 6. Bd3 O-O 7. O-O Nbd7 8. a4
e5 9. dxe5 Nxe5 10. Nxe5 dxe5 11. b4 a5 12. bxa5 Rxa5 13. Nc4 Ra8 14. Be3 Re8
15. Nb6 Rb8 16. a5 Be6 17. Qb1 Ng4 18. Bc5 Bh6 19. h3 Qh4 20. Bc4 Nh2 21. Bxe6
Nxf1 22. Bxf7+ Kxf7 23. Qb3+ Kg7 24. Rxf1 Qxe4 25. Nc4 Qd5 26. Ba7 Rbd8 27. Re1
Kh8 28. c3 Bg7 29. Qb4 e4 30. Ne3 Qd2 31. Rd1 Qxc3 32. Qxc3 Bxc3 33. Rb1 Rd7 34.
Bb6 Kg8 35. g4 Ree7 36. Kg2 Bd4 37. g5 Bxe3 38. fxe3 Rf7 39. Bd4 Rf5 40. a6 bxa6
41. Rb8+ Kf7 42. Ra8 Rxg5+ 0-1

[Event "Titled Tue 1st Jul Late"]
[Site "chess.com INT"]
[Date "2025.07.01"]
[Round "3"]
[White "Shymanskyi, Oleksandr"]
[Black "Gabrielian, Artur"]
[Result "0-1"]
[WhiteTitle "FM"]
[BlackTitle "GM"]
[WhiteElo "2218"]
[BlackElo "2419"]
[WhiteFideId "14168880"]
[BlackFideId "4131002"]
[EventDate "2025.07.01"]

1. b3 e5 2. Bb2 Nc6 3. e3 d6 4. Bb5 Bd7 5. Nf3 g6 6. d4 Bg7 7. d5 Nce7 8. Bxd7+
Qxd7 9. c4 h6 10. h3 f5 11. Nc3 Nf6 12. Qc2 O-O 13. Nh4 g5 14. Nf3 a6 15. Ne2 b5
16. Rc1 bxc4 17. bxc4 Rab8 18. Ng3 f4 19. exf4 exf4 20. Bxf6 Bxf6 21. Nh5 Bb2
22. Rd1 Qf5 23. Qxf5 Bc3+ 24. Kf1 Nxf5 25. Ne1 Rb2 26. Nd3 Rxa2 27. Kg1 Bd4 28.
Rf1 Ng3 29. Kh2 Nxh1 30. Rxh1 Rd2 31. Ne1 Bxf2 32. Nf3 Rc2 33. Rf1 Bg3+ 34. Nxg3
fxg3+ 35. Kxg3 Rxc4 36. Re1 a5 37. Re7 Rf7 38. Re8+ Kg7 39. Re6 a4 40. Nh2 a3
41. Ng4 a2 0-1

[Event "Titled Tue 1st Jul Late"]
[Site "chess.com INT"]
[Date "2025.07.01"]
[Round "3"]
[White "Casadio, Niccolo'"]
[Black "Petersen, Marcel"]
[Result "1-0"]
[WhiteTitle "FM"]
[BlackTitle "CM"]
[WhiteElo "2249"]
[BlackElo "2236"]
[WhiteFideId "2827951"]
[BlackFideId "12935670"]
[EventDate "2025.07.01"]

1. e4 g6 2. d4 Bg7 3. Nc3 c6 4. Be3 d5 5. e5 Nh6 6. f3 f6 7. exf6 exf6 8. Bd3
O-O 9. Nge2 Nf5 10. Bf2 Re8 11. O-O Ne3 12. Bxe3 Rxe3 13. Re1 Qe7 14. Qd2 Bh6
15. Ng3 Na6 16. Nf1 Rxe1 17. Qxe1 Qxe1 18. Rxe1 Kf7 19. Bxa6 bxa6 20. Na4 Bf5
21. c3 Rb8 22. Ne3 Bd3 23. Nc5 Bf5 24. Nxf5 gxf5 25. b4 Bd2 26. Rd1 Bxc3 27. a3
a5 28. Rd3 axb4 29. axb4 Bxb4 30. Na6 Rb6 31. Nxb4 Rxb4 32. Ra3 Rxd4 33. Rxa7+
Ke6 34. Rxh7 Rd2 35. h4 c5 36. h5 c4 37. h6 c3 38. Rc7 c2 39. h7 Rd1+ 40. Kh2
c1=Q 41. Rxc1 Rxc1 42. h8=Q Rc4 43. Qe8+ Kd6 44. Qg8 Ke5 45. Qe8+ Kf4 46. Qe7 d4
47. Qxf6 Ke3 48. Qe5+ Kd2 49. Qxf5 d3 50. Qe6 Rc5 51. Qd6 Rc3 52. Kg3 Kc2 53.
Kf2 Rc4 54. g4 Rc8 55. Qd7 Rc5 56. Qd4 Rc8 57. Qa4+ Kc3 58. Qa5+ Kc2 59. Qa4+
Kc3 60. g5 d2 61. Ke2 Re8+ 62. Qxe8 Kb2 63. Kxd2 Kb3 64. Qb5+ Ka3 65. Kc2 Ka2
66. Qb2# 1-0

[Event "Titled Tue 1st Jul Late"]
[Site "chess.com INT"]
[Date "2025.07.01"]
[Round "3"]
[White "Soza de la Carrera, Jose"]
[Black "Garcia Hernandez, Rebeca"]
[Result "1-0"]
[WhiteTitle "CM"]
[BlackTitle "WCM"]
[WhiteElo "2221"]
[BlackElo "1904"]
[WhiteFideId "3401278"]
[BlackFideId "5180872"]
[EventDate "2025.07.01"]

1. d4 d5 2. c4 c6 3. Nf3 Nf6 4. Nbd2 g6 5. e3 Bg7 6. Be2 O-O 7. b3 b6 8. Bb2 Bb7
9. O-O Nbd7 10. a4 c5 11. a5 dxc4 12. bxc4 cxd4 13. exd4 bxa5 14. Qa4 Rb8 15.
Bc3 Ne4 16. Nxe4 Bxe4 17. Qxa5 Qxa5 18. Rxa5 Rb7 19. Rfa1 Rfb8 20. h3 Rb1+ 21.
Kh2 Rxa1 22. Rxa1 Rb7 23. c5 Bd5 24. Ra6 Nf6 25. Ba5 Ne4 26. c6 Rb8 27. c7 Rc8
28. Rxa7 Nd6 29. Ba6 Re8 30. Ne5 Bxe5+ 31. dxe5 Nc8 32. Bxc8 Rxc8 33. Kg3 Be6
34. Rb7 Kf8 35. Rb8 Ke8 36. Kf4 Kd7 37. Kg5 Kc6 38. Kh6 Kd7 39. Kxh7 Kc6 40. Kg7
Kd5 41. f4 Ke4 42. g3 Kf3 43. Rxc8 Bxc8 44. Kxf7 Kxg3 45. Kxe7 Kxh3 46. Kd8 Bf5
47. c8=Q Bxc8 48. Kxc8 Kg4 49. e6 1-0

[Event "Titled Tue 1st Jul Late"]
[Site "chess.com INT"]
[Date "2025.07.01"]
[Round "3"]
[White "Smieszek, Wojciech"]
[Black "Itkis, Boris"]
[Result "0-1"]
[WhiteTitle "CM"]
[BlackTitle "IM"]
[WhiteElo "2141"]
[BlackElo "2270"]
[WhiteFideId "1156047"]
[BlackFideId "1209167"]
[EventDate "2025.07.01"]

1. e4 c6 2. d4 d5 3. f3 dxe4 4. fxe4 e5 5. Nf3 Bg4 6. c3 Nf6 7. Bc4 Nbd7 8. O-O
Bd6 9. Qb3 O-O 10. Qxb7 Nb6 11. Bd3 Nbd7 12. Qxc6 Bc7 13. Bg5 h6 14. Bxf6 Nxf6
15. Nbd2 Rc8 16. Qa4 exd4 17. cxd4 Bb6 18. Kh1 Re8 19. Rac1 Rxc1 20. Rxc1 Bxf3
21. gxf3 Bxd4 22. Bb5 Rf8 23. Nb3 Be3 24. Re1 Bb6 25. Qc4 Nh5 26. Qd5 Qh4 27.
Qd2 Rd8 28. Qg2 Qxe1+ 29. Qf1 Rd1 30. Qxe1 Rxe1+ 31. Kg2 Nf4+ 32. Kg3 g5 33. h4
Rg1+ 34. Kh2 Rg2+ 35. Kh1 gxh4 36. e5 h3 37. Bf1 Rg1+ 38. Kh2 Rxf1 39. Kg3 Rg1+
40. Kxf4 h2 41. e6 fxe6 0-1

[Event "Titled Tue 1st Jul Late"]
[Site "chess.com INT"]
[Date "2025.07.01"]
[Round "3"]
[White "Mahdavi, Reza"]
[Black "Kochetkov, German"]
[Result "1-0"]
[WhiteTitle "IM"]
[BlackTitle "IM"]
[WhiteElo "2454"]
[BlackElo "2277"]
[WhiteFideId "12595926"]
[BlackFideId "13500635"]
[EventDate "2025.07.01"]

1. e4 e5 2. Nf3 d6 3. d4 exd4 4. Nxd4 Nf6 5. Nc3 Be7 6. Bc4 O-O 7. O-O a6 8. a3
Nxe4 9. Nxe4 d5 10. Bd3 dxe4 11. Bxe4 Bf6 12. Be3 Re8 13. Bd3 Nd7 14. c3 Ne5 15.
Bc2 Bg4 16. Qb1 g6 17. h3 Bd7 18. Rd1 c5 19. Nb3 b6 20. Nd2 Qc7 21. Ne4 Bg7 22.
Qc1 Bc6 23. Bf4 Rad8 24. Rxd8 Qxd8 25. Qd1 Qa8 26. f3 Rd8 27. Qe2 Bb5 28. Qf2
Nd3 29. Bxd3 Bxd3 30. Re1 c4 31. Qxb6 Re8 32. Nf6+ Bxf6 33. Rxe8+ Qxe8 34. Qxf6 1-0

[Event "Titled Tue 1st Jul Late"]
[Site "chess.com INT"]
[Date "2025.07.01"]
[Round "3"]
[White "Christiansen, Johan-Sebastian"]
[Black "Jammalamadaka, Vihaan"]
[Result "1-0"]
[WhiteTitle "GM"]
[BlackTitle "CM"]
[WhiteElo "2642"]
[BlackElo "2018"]
[WhiteFideId "1512668"]
[BlackFideId "30977134"]
[EventDate "2025.07.01"]

1. e4 c5 2. Nf3 e6 3. c3 d5 4. e5 d4 5. d3 Nc6 6. g3 Nge7 7. Bg2 Ng6 8. Qe2 Be7
9. O-O Qc7 10. Re1 Bd7 11. h4 h6 12. h5 Nf8 13. Na3 a6 14. Nc4 dxc3 15. bxc3 Nh7
16. Bf4 O-O 17. Rad1 Rad8 18. Ne3 Ng5 19. Bxg5 hxg5 20. Ng4 f5 21. exf6 gxf6 22.
d4 cxd4 23. cxd4 e5 24. dxe5 Bxg4 25. Qc4+ Kg7 26. Qxg4 f5 27. Qc4 Rxd1 28. Rxd1
Rd8 29. Rxd8 Qxd8 30. Qe6 f4 31. Qg6+ Kh8 32. Bf1 fxg3 33. Bd3 gxf2+ 34. Kf1
Qxd3+ 35. Qxd3 g4 36. Nh2 Nxe5 37. Qg3 Nc4 38. Qxf2 Bc5 39. Qxc5 1-0

[Event "Titled Tue 1st Jul Late"]
[Site "chess.com INT"]
[Date "2025.07.01"]
[Round "3"]
[White "Steinberg, Nitzan"]
[Black "Stalmach, Richard"]
[Result "1-0"]
[WhiteTitle "GM"]
[BlackTitle "IM"]
[WhiteElo "2554"]
[BlackElo "2444"]
[WhiteFideId "2801795"]
[BlackFideId "372048"]
[EventDate "2025.07.01"]

1. e4 c5 2. Nf3 d6 3. d4 cxd4 4. Nxd4 Nf6 5. Nc3 a6 6. h4 e5 7. Nb3 Be6 8. f4
Be7 9. f5 Bd7 10. g4 Bc6 11. Bg2 h5 12. g5 Ng4 13. Bf3 b5 14. a3 Nd7 15. Bxg4
hxg4 16. Qxg4 Qb6 17. Bd2 a5 18. Qf3 a4 19. Nc1 Nc5 20. Nd3 Nxe4 21. Nxe4 d5 22.
Qf2 Qc7 23. Nec5 d4 24. Rf1 e4 25. O-O-O exd3 26. Nxd3 O-O-O 27. Kb1 Kb7 28.
Rfe1 Bd6 29. Bf4 Bxf4 30. Nxf4 Qd6 31. Ne2 Rhe8 32. Nxd4 Rxe1 33. Qxe1 Qf4 34.
Qe7+ Rd7 35. Qc5 Qe4 36. h5 Rd8 37. h6 gxh6 38. gxh6 Bd7 39. Nxb5 1-0

[Event "Titled Tue 1st Jul Late"]
[Site "chess.com INT"]
[Date "2025.07.01"]
[Round "3"]
[White "Milare, Tyron"]
[Black "Popilski, Gil"]
[Result "0-1"]
[WhiteTitle "FM"]
[BlackTitle "GM"]
[WhiteElo "2248"]
[BlackElo "2431"]
[WhiteFideId "12987018"]
[BlackFideId "2809060"]
[EventDate "2025.07.01"]

1. d4 d5 2. Nf3 Nf6 3. g3 Bf5 4. Bg2 h6 5. O-O c6 6. c3 Nbd7 7. Qb3 Qb6 8. Re1
e6 9. Bf4 Be7 10. Qxb6 axb6 11. Nbd2 b5 12. a3 Nb6 13. Ne5 Na4 14. Ra2 g5 15.
Be3 Nd7 16. Nd3 Ndb6 17. Rc1 Nc4 18. Nxc4 bxc4 19. Nc5 Nxc5 20. dxc5 Ra5 21. Bd4
f6 22. e4 Bxe4 23. Bxe4 dxe4 24. Re1 e5 25. Be3 f5 26. Rd1 f4 27. Bc1 Bxc5 28.
Re1 e3 29. fxe3 f3 30. Kf2 g4 31. Rd1 e4 32. Ra1 h5 33. Rd4 Bxd4 34. exd4 h4 35.
Bf4 Rb5 36. Rb1 Kf7 37. Ke3 hxg3 38. Bxg3 Re8 39. Bf2 Kg6 40. Kf4 Rf5+ 41. Ke3
Rb5 42. Kf4 e3 43. Bg3 Rg5 44. h4 Rf5+ 45. Kxg4 f2 46. h5+ Rxh5 47. Kf3 Rh3 48.
Kg2 Rxg3+ 49. Kxg3 Kf5 50. Kf3 Re4 51. Rh1 Rf4+ 52. Ke2 Ke4 53. Rf1 Rf5 54. a4
b6 55. Rh1 f1=Q+ 56. Rxf1 Rxf1 57. Kxf1 Kd3 58. Ke1 e2 59. d5 cxd5 60. a5 bxa5
61. Kf2 Kd2 62. Kf3 e1=Q 0-1

[Event "Titled Tue 1st Jul Late"]
[Site "chess.com INT"]
[Date "2025.07.01"]
[Round "3"]
[White "Filippova, Margarita"]
[Black "Wu, Derek"]
[Result "1/2-1/2"]
[WhiteTitle "WFM"]
[BlackTitle "FM"]
[WhiteElo "2026"]
[BlackElo "2232"]
[WhiteFideId "34199680"]
[BlackFideId "30914558"]
[EventDate "2025.07.01"]

1. e4 e5 2. Nf3 Nc6 3. Bc4 Nf6 4. d3 Be7 5. O-O O-O 6. Nc3 d6 7. a3 Bg4 8. h3
Bh5 9. Be3 Qd7 10. Re1 Nd4 11. Bxd4 exd4 12. Nd5 Nxd5 13. Bxd5 c6 14. Bb3 Bxf3
15. Qxf3 g6 16. c3 dxc3 17. bxc3 Kg7 18. d4 b5 19. e5 dxe5 20. dxe5 Bc5 21. Rad1
Qe7 22. a4 b4 23. Qxc6 Rac8 24. Qf6+ Qxf6 25. exf6+ Kxf6 26. cxb4 Bxb4 27. Re4
a5 28. Bc4 Kg7 29. Bb5 Rcd8 30. Rxd8 Rxd8 31. g3 Rd2 32. Re2 Rd4 33. Kg2 f5 34.
h4 Kf6 35. Re8 Bc5 36. Re2 Rb4 37. Rc2 Bd4 38. Rc6+ Ke5 39. Rc2 f4 40. gxf4+
Kxf4 41. Rc4 Ke4 42. Rc2 Ke5 43. Kf3 Rb3+ 44. Kg4 Kf6 45. Rc6+ Kg7 46. f3 Bf6
47. Rc7+ Kh6 48. Rc6 Rb4+ 49. f4 Be5 50. Rc4 Bd6 51. Rxb4 axb4 52. a5 b3 53. a6
Bc5 54. Bd3 Kg7 55. f5 h5+ 56. Kf4 gxf5 57. Kg5 Kf7 58. Bxf5 Ke7 59. Kxh5 Kd8
60. Kg6 Kc7 61. Bd3 Kb6 62. h5 b2 63. h6 Bd4 64. h7 b1=Q 65. Bxb1 Kxa6 66. Kf7
Kb6 67. Kg8 Kc5 68. Bg6 Kb4 69. h8=N Bxh8 1/2-1/2

[Event "Titled Tue 1st Jul Late"]
[Site "chess.com INT"]
[Date "2025.07.01"]
[Round "3"]
[White "Graif, William"]
[Black "Hamedi Nia, Vesal"]
[Result "1-0"]
[WhiteTitle "FM"]
[BlackTitle "WIM"]
[WhiteElo "2211"]
[BlackElo "2010"]
[WhiteFideId "2609835"]
[BlackFideId "12542253"]
[EventDate "2025.07.01"]

1. e4 c5 2. Nc3 Nc6 3. Bb5 g6 4. Bxc6 bxc6 5. d3 Bg7 6. f4 d6 7. Nf3 Nf6 8. O-O
O-O 9. Qe1 a5 10. Na4 Ba6 11. c4 Rb8 12. Bd2 Rb4 13. Bxb4 axb4 14. Kh1 Nd7 15.
e5 Qc7 16. e6 Nf6 17. exf7+ Kh8 18. Ng5 Bc8 19. Ne6 Bxe6 20. Qxe6 Qa7 21. b3 Nh5
22. Rae1 Bf6 23. g4 Ng7 24. g5 Nxe6 25. Rxe6 Bd4 26. Rfe1 Rxf7 27. R1e4 Kg8 28.
h4 Qd7 29. Kg2 Qe8 30. Kf3 Kg7 31. Kg2 Qc8 32. Kf3 h6 33. Nb6 hxg5 34. Nxc8 gxh4
35. Rxe7 g5 36. Rxf7+ Kxf7 37. Nxd6+ Kg6 38. fxg5 h3 39. Rxd4 cxd4 40. Ne4 h2
41. Kg2 c5 42. Kxh2 Kf5 43. Kg3 Ke5 44. Kg4 1-0

[Event "Titled Tue 1st Jul Late"]
[Site "chess.com INT"]
[Date "2025.07.01"]
[Round "3"]
[White "Albertini, Luca"]
[Black "Oksendal, Martin"]
[Result "1/2-1/2"]
[BlackTitle "FM"]
[WhiteElo "2131"]
[BlackElo "2235"]
[WhiteFideId "847038"]
[BlackFideId "1554107"]
[EventDate "2025.07.01"]

1. d4 Nf6 2. c4 e6 3. Nc3 Bb4 4. e3 O-O 5. Bd3 d5 6. Ne2 c5 7. a3 Bxc3+ 8. bxc3
dxc4 9. Bxc4 Qc7 10. Bd3 e5 11. O-O b6 12. Ng3 Ba6 13. Bxa6 Nxa6 14. d5 c4 15.
e4 Nc5 16. f3 Ne8 17. Be3 Nd6 18. Bxc5 Qxc5+ 19. Kh1 Rad8 20. f4 f5 21. fxe5
Nxe4 22. Nxe4 fxe4 23. Rxf8+ Rxf8 24. Qd4 Qxd4 25. cxd4 e3 26. Kg1 c3 27. d6 e2
28. d7 c2 29. d8=Q Rxd8 30. Kf2 Rxd4 31. Kxe2 Kf7 32. Rc1 Rc4 33. Kd3 Rc5 34.
Kd4 Ke6 35. h3 Rd5+ 36. Ke4 Rxe5+ 37. Kd3 Rd5+ 38. Ke2 Rc5 39. Kd2 Ke5 40. Re1+
Kf4 41. Kc1 Rc7 42. Re2 h5 43. Rd2 g5 44. Rd5 g4 45. Rxh5 Rc3 46. Rh4 Rg3 47.
Rxg4+ Rxg4 48. hxg4 Kxg4 49. Kxc2 Kg3 50. Kc3 Kxg2 51. Kc4 Kf3 52. Kb5 Ke4 53.
Ka6 Kd5 54. Kxa7 b5 55. Kb6 Kc4 56. Ka5 Kc5 57. Ka6 Kc6 58. Ka5 Kc5 59. Ka6 Kc4
60. Kb6 b4 61. axb4 Kxb4 1/2-1/2

[Event "Titled Tue 1st Jul Late"]
[Site "chess.com INT"]
[Date "2025.07.01"]
[Round "3"]
[White "Mottola, Max"]
[Black "Labussiere, Victor"]
[Result "0-1"]
[BlackTitle "FM"]
[WhiteElo "2247"]
[BlackElo "2312"]
[WhiteFideId "30985862"]
[BlackFideId "2183129"]
[EventDate "2025.07.01"]

1. d4 Nf6 2. Bf4 d5 3. Nf3 c5 4. e3 Nc6 5. Nbd2 Bf5 6. dxc5 e6 7. Nd4 Bxc5 8.
Nxf5 exf5 9. c3 Bd6 10. Bxd6 Qxd6 11. Qb3 O-O 12. g3 Ne5 13. Be2 Ne4 14. Nf3 Ng4
15. O-O Rfe8 16. Rad1 Rad8 17. Nd4 Ngxf2 18. Rxf2 Nxf2 19. Kxf2 Qh6 20. c4 Qxh2+
21. Kf1 Qxg3 22. Nc2 dxc4 23. Rxd8 Rxd8 24. Qxc4 g6 25. Qc5 h5 26. Qe7 Qd6 27.
Qxd6 Rxd6 28. Nd4 Kg7 29. Nb5 Rb6 30. b3 a6 31. Nd4 Kf6 32. Bf3 h4 33. Bd5 g5
34. Bc4 Rd6 35. Ne2 Rd2 36. a4 g4 37. Nf4 h3 38. Kg1 Kg5 39. Bd5 Kh4 40. Bxb7 g3
41. Kf1 g2+ 42. Kg1 Rd1+ 43. Kf2 g1=Q+ 44. Ke2 Qf1# 0-1

[Event "Titled Tue 1st Jul Late"]
[Site "chess.com INT"]
[Date "2025.07.01"]
[Round "3"]
[White "Jimenez Almeida, Luis David"]
[Black "Holinka, Henning"]
[Result "0-1"]
[WhiteTitle "FM"]
[BlackTitle "FM"]
[WhiteElo "2188"]
[BlackElo "2303"]
[WhiteFideId "22242244"]
[BlackFideId "12967084"]
[EventDate "2025.07.01"]

1. e4 c5 2. Nc3 e6 3. g3 a6 4. Bg2 b5 5. d3 Bb7 6. Nh3 b4 7. Ne2 d5 8. e5 Nc6 9.
f4 f6 10. O-O fxe5 11. fxe5 Nxe5 12. Ng5 Bd6 13. Nxe6 Qd7 14. Bh3 Nf6 15. Bg5
Neg4 16. Bxf6 Qxe6 17. Bxg4 Qxg4 18. Bh4 g5 19. h3 Qxh3 20. Bxg5 d4 21. Kf2
Bxg3+ 22. Nxg3 Qg2+ 23. Ke1 Qxg3+ 24. Rf2 Qg1+ 25. Ke2 Qxg5 26. Qf1 O-O-O 27.
Re1 h5 28. Rf5 Qg4+ 29. Kd2 h4 30. Rxc5+ Kb8 31. Re7 Qg2+ 32. Qxg2 Bxg2 33. Rc4
Rd6 34. Rxb4+ Kc8 35. Rc4+ Rc6 36. Rxd4 h3 37. Rdd7 h2 38. Ra7 Rxc2+ 39. Kxc2
h1=Q 40. Rac7+ Kb8 41. Rcd7 Bc6 42. Rc7 Qg2+ 43. Kb3 Qd5+ 44. Kb4 Qb5+ 45. Kc3
Qc5+ 0-1

[Event "Titled Tue 1st Jul Late"]
[Site "chess.com INT"]
[Date "2025.07.01"]
[Round "3"]
[White "Baches Garcia, Guillermo"]
[Black "Cardozo Munar, Carlos Eduardo"]
[Result "1/2-1/2"]
[WhiteTitle "IM"]
[BlackTitle "FM"]
[WhiteElo "2305"]
[BlackElo "2052"]
[WhiteFideId "2209764"]
[BlackFideId "4409477"]
[EventDate "2025.07.01"]

1. e4 e6 2. Nf3 d5 3. exd5 exd5 4. d4 Bd6 5. c4 c6 6. Nc3 Ne7 7. Bd3 dxc4 8.
Bxc4 O-O 9. O-O Bg4 10. h3 Bh5 11. g4 Bg6 12. Ne5 Nd7 13. f4 Nd5 14. Nxd7 Nxc3
15. bxc3 Be4 16. Nxf8 Qh4 17. Kh2 Rxf8 18. Qe1 Qe7 19. Bd2 Re8 20. Qg3 Qc7 21.
Rae1 Re7 22. Bd3 Bxd3 23. Rxe7 Bxe7 24. Qxd3 g6 25. Kg2 Qa5 26. Qc4 h5 27. g5
Qf5 28. Re1 Bd6 29. Re5 Bxe5 30. dxe5 Qc2 31. Qd4 Qxa2 32. Kf2 a5 33. Ke3 Qe6
34. Qd8+ Kh7 35. Qxa5 Qxh3+ 36. Ke2 Qg2+ 37. Kd3 Qf3+ 38. Kc2 h4 39. Qc7 Kg7 40.
Qe7 Qe4+ 41. Kc1 h3 42. Qf6+ Kg8 43. Qd8+ Kg7 44. Qf6+ Kg8 45. Qd8+ Kg7 46. Qf6+ 1/2-1/2

[Event "Titled Tue 1st Jul Late"]
[Site "chess.com INT"]
[Date "2025.07.01"]
[Round "3"]
[White "Shukhman, Anna"]
[Black "Rees, Ioan"]
[Result "1/2-1/2"]
[WhiteTitle "WGM"]
[BlackTitle "FM"]
[WhiteElo "2413"]
[BlackElo "2280"]
[WhiteFideId "54180058"]
[BlackFideId "1801236"]
[EventDate "2025.07.01"]

1. e4 e5 2. d4 exd4 3. Qxd4 Nc6 4. Qe3 Nf6 5. Nc3 Be7 6. Bd2 d5 7. exd5 Nxd5 8.
Nxd5 Qxd5 9. Nf3 O-O 10. Qd3 Qe6+ 11. Be2 Nb4 12. Bxb4 Bxb4+ 13. c3 Bd6 14. O-O
Qg6 15. Qxg6 hxg6 16. Bc4 Bg4 17. Nd4 a6 18. h3 Bd7 19. Rad1 Rfe8 20. Bd5 Rab8
21. Rfe1 Kf8 22. Kf1 Rxe1+ 23. Rxe1 c6 24. Bf3 Bc5 25. Nb3 Bb6 26. Bg4 Bxg4 27.
hxg4 Rd8 28. f3 a5 29. a4 g5 30. Ke2 Re8+ 31. Kd2 Rxe1 32. Kxe1 Ke7 33. Nd2 Ke6
34. Ke2 Ke5 35. Ne4 f6 36. Kd3 g6 37. b4 Bd8 38. g3 b5 39. axb5 cxb5 40. bxa5
Bxa5 41. Nc5 f5 42. c4 bxc4+ 43. Kxc4 Bc7 44. Nd3+ Kf6 45. gxf5 Bxg3 46. fxg6
Kxg6 47. Kd4 Kf5 48. Ke3 Bc7 49. Nb4 g4 50. Nd5 gxf3 51. Nxc7 f2 52. Kxf2 1/2-1/2